| 000 | 01365nam a22002297a 4500 | ||
|---|---|---|---|
| 005 | 20241206164921.0 | ||
| 010 | _aB-760707-718 07/24,CHHN B-761388 | ||
| 020 |
_a9789381012437 _c495.00 |
||
| 035 | _aB-760707-718 | ||
| 035 | _a B-761388 | ||
| 037 | _bश्वेता मल्टीमिडिया | ||
| 037 | _bउपहार | ||
| 082 | _a501 | ||
| 100 |
_aमिश्रा,माधुरी _974838 |
||
| 245 |
_aविज्ञान की दुनिया / _cमाधुरी मिश्रा |
||
| 260 |
_aपिलानी _bश्वेता मल्टीमिडिया _c2023 |
||
| 270 |
_bपिलानी (राज.) _aबी-45, गणेश कालोनी _e333031 _k01596- 245518 |
||
| 300 |
_a160पृ. _c23 सेमी (सजिल्द) _bसचित्र |
||
| 942 |
_2ddc _cCH _mमिश्रामा _h501 |
||
| 999 |
_c205559 _d205559 |
||